000 00778cam a2200217 4500
001 WB3601-02
008 000000n1999 000 0 eng u
035 _a(Sirsi) u103310
245 _aGovernment departments to share know-how
260 _c1999
490 _aBuilding
_v264(8117) 17 December 1999, 10(1)
520 _aThree government departments, the NHS, the Ministry of Defence and the government' s official surveyor, which spend £2bn a year on construction have signed a deal to share knowledge about procurement and buildings management,
590 _aWB
650 _aNHS ESTATES
650 _aMINISTRY OF DEFENCE
650 _aProcurement-old
650 _aProperty management
_96262
650 0 _aCONCORDAT
690 _aBUILT ENVIRONMENT
942 _n0
999 _c62089
_d62089